[Event "FIDE Chesscom Grand Swiss 2019"]
[Site "Douglas-Isle of Man"]
[Date "2019.10.18"]
[Round "8.30"]
[White "Movsesian, Sergei"]
[Black "Boruchovsky, Avital"]
[Result "1-0"]
[WhiteElo "2654"]
[BlackElo "2533"]
[Annotator "TA"]
[PlyCount "53"]
[EventDate "2019.10.10"]
[EventType "swiss"]
[EventCountry "GBR"]
[SourceTitle "playchess.com"]
[Source "ChessBase"]
[SourceQuality "1"]

{[%evp 9,53,0,0,0,10,8,0,16,10,7,18,9,20,0,0,-11,0,-5,28,27,35,17,64,58,58,52,64,60,62,39,145,145,196,181,223,197,208,202,314,183,545,543,535,537,29973,886]} 1. e4 e5 2. Nf3 Nc6 3. g3 g6 (3... Nf6 4. d3 Bc5 5. Bg2 d6 6. c3 a6 7. O-O h6 8. a4 a5 9. Na3 O-O 10. Nc2 Ba7 11. h3 Be6 12. Be3 Bxe3 13. Nxe3 Qd7 {½-½ (83) Zvjaginsev,V (2644)-Kovalev,V (2661) Qingdao 2019}) 4. d4 exd4 5. Nxd4 Bg7 6. Ne2 {C44: Ponziani Opening and Scotch Gambit} Nf6 7. Bg2 O-O 8. O-O {The position is equal.} Re8 9. Nbc3 d6 10. h3 Bd7 11. Re1 {[#]} b5 $1 {[%mdl 512]} 12. Nxb5 $146 ({Predecessor:} 12. Nf4 Rb8 13. Ncd5 Nxd5 14. Nxd5 f5 15. h4 h6 16. Bd2 {1-0 (33) Priyadharshan,K (2376)-Koshy,V (2279) Mumbai 2011}) 12... Nxe4 13. Nf4 f5 14. Nd5 $36 {[%mdl 2048] White fights for an advantage.} Rc8 15. h4 Ne5 16. Rxe4 Bxb5 17. Bg5 Qd7 18. Re1 Bc6 19. h5 {aiming for h6.} h6 {[#]} (19... Kf8 $14) 20. Bxh6 $1 $16 {[%mdl 512]} Qf7 (20... Bxd5 $16 21. Qxd5+ (21. Bxd5+ Kh7 $16) 21... Kf8) (20... Bxh6 21. Nf6+) 21. hxg6 Nxg6 22. Qd2 {And now Bxg7 would win.} Bxb2 23. Rab1 {Black must now prevent Rxe8+.} Be5 {[#]} (23... Rxe1+ $142 24. Rxe1 Be5) 24. Qg5 (24. Nf6+ $142 $1 {[%mdl 512]} Qxf6 (24... Bxf6 25. Bxc6) 25. Bxc6) 24... Bg7 $2 (24... Kh8 {is more resistant.} 25. Qh5 Bxd5 26. Bxd5 Qxd5) 25. Rxe8+ $18 Rxe8 {[#]} 26. Nxc7 $1 {[%mdl 512]} Qxa2 (26... Qxc7 27. Bxc6) 27. Rc1 {Accuracy: White = 82%, Black = 39%.} (27. Bxc6 $142 Qxb1+ {[#]} 28. Kg2 $1 {[%mdl 512]} Re4 29. Qxg6 Qb2 30. Bd5+ Kh8 31. Qf7 Kh7 32. Qxf5+ {[%mdl 64] Double Attack} Kh8 33. Bxe4 Kg8 34. Qe6+ {[%mdl 64] Double Attack} Kh8 35. Qe8+ Bf8 36. Qxf8#) 1-0

[Event "FIDE Chesscom Grand Swiss 2019"]
[Site "Douglas-Isle of Man"]
[Date "2019.10.18"]
[Round "8.31"]
[White "Puranik, Abhimanyu"]
[Black "Kasimdzhanov, Rustam"]
[Result "0-1"]
[WhiteElo "2571"]
[BlackElo "2657"]
[Annotator "TA"]
[PlyCount "138"]
[EventDate "2019.10.10"]
[EventType "swiss"]
[EventCountry "GBR"]
[SourceTitle "playchess.com"]
[Source "ChessBase"]
[SourceQuality "1"]

{[%evp 14,138,28,4,22,12,24,8,15,15,18,16,21,0,12,2,5,11,33,-4,-7,-7,0,0,0,-26,-25,-35,-40,-46,-46,-35,-27,-33,-22,-27,-25,-59,-24,-33,-24,-39,-27,-69,-54,-64,-54,-82,-82,-82,-82,-82,-82,-82,-82,-82,-87,-222,-223,-222,-225,-225,-225,-214,-210,-206,-216,-262,-230,-217,-237,-231,-219,-256,-248,-248,-251,-252,-237,-252,-266,-257,-266,-270,-264,-264,-264,-356,-362,-2243,-2453,-12827,-12827,-12827,-12829,-12830,-12831,-12831,-12831,-12831,-12831,-12825,-12830,-12832,-12832,-12835,-12832,-12835,-12835,-12836,-12835,-12836,-12836,-12837,-12838,-12838,-12839,-12839,-12839,-12840,-12839,-12841,-12841,-12842,-12843,-12843,-12842]} 1. e4 e5 2. Nf3 Nc6 3. Bc4 Bc5 4. c3 Nf6 5. d3 d6 6. O-O h6 7. Re1 O-O 8. h3 a6 {C54: Giuoco Piano: 4 c3 Nf6, main lines with 5 d4 and 5 d3} 9. a4 Ba7 10. Nbd2 Re8 {The position is equal.} 11. Nf1 $146 ({Predecessor:} 11. b4 Be6 12. Bxe6 Rxe6 13. Nf1 Ne7 14. Ng3 {½-½ (40) Wang,H (2711)-Aravindh,C (2581) Abu Dhabi 2018}) 11... Be6 12. Bxe6 Rxe6 13. Ng3 d5 14. b4 Ne7 15. Qb3 Ng6 16. Be3 (16. c4 {is interesting.} dxe4 17. dxe4 a5 18. b5 Bc5 19. Nf5) 16... Bxe3 17. Rxe3 c6 18. Ree1 Qc7 19. b5 dxe4 20. dxe4 cxb5 21. axb5 Rc8 22. bxa6 bxa6 23. Ra3 Nf4 24. Rea1 Nd7 25. c4 g6 26. Kh2 Nc5 27. Qe3 Kg7 28. Nf1 {[%cal Bg3f1,Bf1d2,Bd2b3][%mdl 32]} Rb6 29. N1d2 Nfe6 {[%cal Bf4e6,Be6d4,Bd4c2][%mdl 32]} 30. Nb3 Nd4 31. Nxc5 Nc2 $1 {[%cal Rc2e3]} 32. Qc3 {Hoping for Na4.} ({Don't go for} 32. Nxa6 $2 Rxa6 33. Qd3 Nxa3 $19) 32... Nxa3 33. Na4 Nxc4 34. Nxb6 Qxb6 35. Nxe5 {[#]} (35. Nd2 $17 Qe6 36. Nxc4 Rxc4 {[%mdl 64] Double Attack} 37. Qb3) 35... Qf6 $1 $19 {White must now prevent ...Rc6!} 36. Rc1 Nd6 37. Nc6 Qxc3 ({Don't take} 37... Nxe4 38. Qxf6+ Kxf6 39. Rc4) 38. Rxc3 Nxe4 {[%mdl 4160] Endgame Double Attack. KRN-KRN} 39. Re3 Nxf2 ({But not} 39... Rxc6 40. Rxe4 a5 41. Ra4 $17) 40. Nd4 Rd8 41. Nc6 Rd6 42. Na5 Nd3 43. Re7 Re6 44. Ra7 h5 45. Nb3 Rd6 46. Nd2 Nc5 47. Nf3 Kf6 48. Rc7 Ne6 49. Ra7 g5 50. h4 g4 51. Ng5 $2 (51. Ng1) 51... Nxg5 {Black is clearly winning.} 52. hxg5+ Kxg5 53. Rxf7 {KR-KR} a5 54. Rg7+ Kf4 55. Rf7+ Ke4 56. Ra7 Rd5 57. Kg3 Kd4 58. Kh4 {[#]} g3 $1 59. Kxg3 Rf5 60. Kh4 Kc4 61. g3 Kb4 62. Re7 Rc5 63. Rb7+ Rb5 64. Rf7 a4 {[%cal Ba5a4,Ba4a3][%mdl 32]} 65. Rf4+ Ka5 66. Rf3 Rc5 67. Re3 Kb4 68. Rf3 a3 69. Rf2 Ra5 {Accuracy: White = 50%, Black = 68%.} 0-1

[Event "FIDE Chesscom Grand Swiss 2019"]
[Site "Douglas-Isle of Man"]
[Date "2019.10.18"]
[Round "8.31"]
[White "Houska, Jovanka"]
[Black "Piorun, Kacper"]
[Result "0-1"]
[WhiteElo "2430"]
[BlackElo "2643"]
[Annotator "TA"]
[PlyCount "90"]
[EventDate "2019.10.10"]
[EventType "swiss"]
[EventCountry "GBR"]
[SourceTitle "playchess.com"]
[Source "ChessBase"]
[SourceQuality "1"]

{[%evp 14,90,11,14,0,0,8,0,5,0,10,12,20,0,6,0,0,3,23,0,0,0,0,0,18,0,0,0,0,-10,6,-67,-69,-76,-81,-64,-68,-56,-59,-61,-65,-81,-16,-13,-8,-8,-3,-16,-2,-2,0,0,0,0,0,-8,-8,-9,-33,-79,-79,-97,-97,-120,-40,-132,-132,-148,-130,-213,-222,-220,-187,-213,-213,-213,-213,-880,-561]} 1. d4 Nf6 2. Nf3 g6 3. g3 b6 4. c4 Bb7 5. Bg2 Bg7 6. O-O O-O 7. b3 c5 8. Bb2 cxd4 {A30: Symmetrical English: Double Fianchetto and Hedgehog} 9. Bxd4 (9. Qxd4 Nc6 10. Qc3 Qc7 11. Rd1 Rad8 12. Qe1 d5 13. cxd5 Rxd5 14. Nc3 Rxd1 15. Nxd1 Rd8 16. Rc1 Bh6 17. e3 Qd7 18. Bxf6 exf6 {1-0 (56) Duda,J (2729)-Vachier Lagrave,M (2775) Paris 2019}) 9... d6 10. Bb2 Nbd7 {The position is equal.} 11. Nc3 Ne4 12. Rc1 Rc8 $146 ({Predecessor:} 12... Nxc3 13. Bxc3 Nf6 14. Qd4 Rc8 15. Nd2 Bxg2 16. Kxg2 Qc7 17. Qd3 Rfd8 18. e4 Qb7 19. Rfe1 {0-1 (39) Moreau,L (2004)-Primel,D (2127) Sautron 2004}) 13. Ne1 (13. Nd4 {is more complex.} Nxc3 14. Bxc3 Bxg2 15. Kxg2 Nf6 16. Nc2) 13... Bxc3 14. Bxc3 Nxc3 15. Rxc3 Qc7 16. Bxb7 Qxb7 17. Qd4 Nf6 18. Ng2 Rc5 19. b4 Re5 20. Rc2 Rc8 21. f3 b5 22. Rfc1 ({White should try} 22. c5 $1 $11) 22... bxc4 $15 23. Rxc4 Rxc4 24. Qxc4 a5 25. Qc8+ Qxc8 26. Rxc8+ {[%mdl 4096] Endgame KRN-KRN} Kg7 27. bxa5 Rxe2 (27... Rxa5 $17 28. Rc2 Nd5) 28. a4 $11 {[#] a6 is the strong threat.} Re5 29. Ra8 Rc5 {Threatening ...Nd5.} 30. Ne3 d5 31. a6 d4 32. Nd1 $1 Ra5 ({Much weaker is} 32... Rc1 $6 33. a7 $16) 33. Nb2 Nd5 34. a7 Nc3 35. Kf2 Nxa4 36. Nxa4 Rxa4 {KR-KR} 37. f4 Ra3 38. g4 h6 (38... Kf6 $17 39. Ke2 e6) 39. h3 (39. g5 $15) 39... Kf6 $17 40. Ke2 e6 41. Kf2 (41. Kd2 $17) 41... Ke7 $19 42. h4 {[#] With the idea g5.} Kf6 $1 43. Rd8 Rxa7 44. Rxd4 h5 45. Rb4 $2 (45. gxh5 gxh5 46. Kg3) 45... Ra2+ {Accuracy: White = 35%, Black = 75%.} 0-1

[Event "FIDE Chesscom Grand Swiss 2019"]
[Site "Douglas-Isle of Man"]
[Date "2019.10.18"]
[Round "8.32"]
[White "Volokitin, Andrei"]
[Black "Harikrishna, Pentala"]
[Result "1/2-1/2"]
[WhiteElo "2627"]
[BlackElo "2748"]
[Annotator "TA"]
[PlyCount "78"]
[EventDate "2019.10.10"]
[EventType "swiss"]
[EventCountry "GBR"]
[SourceTitle "playchess.com"]
[Source "ChessBase"]
[SourceQuality "1"]

{[%evp 13,78,8,10,20,12,10,7,8,17,8,15,16,22,19,31,19,62,13,14,15,19,8,12,0,0,-7,0,0,0,0,0,0,11,12,11,0,3,0,0,0,0,0,0,0,0,-14,-8,-8,-8,-8,0,0,0,0,0,0,0,0,0,0,0,0,0,0,0,0,0]} 1. e4 e5 2. Nf3 Nc6 3. Bb5 g6 4. d4 exd4 5. Bg5 Be7 6. Bxe7 Qxe7 7. O-O Nf6 8. Re1 {C60: Ruy Lopez: Unusual Black 3rd moves and 3...g6} O-O 9. e5 (9. Bxc6 dxc6 10. Qxd4 Bg4 11. Nbd2 c5 12. Qe3 Rfe8 13. h3 Bxf3 14. Nxf3 Rad8 15. e5 Nd5 {0-1 (55) Savchenko,B (2634)-Galliamova,A (2456) Minsk 2017}) 9... Nh5 10. c3 d5 $146 ({Predecessor:} 10... dxc3 11. Nxc3 a6 12. Nd5 Qd8 13. Bc4 d6 14. Qd2 Bg4 15. exd6 Qxd6 16. Ng5 Ne5 17. Qd4 Nxc4 18. Ne7+ {1-0 (18) Vetoshko,V (1988)-Cherednichenko,E (2158) Chervonograd 2008}) 11. cxd4 Bg4 {[#] ...Bxf3 is the strong threat.} 12. Bxc6 bxc6 13. Nbd2 Nf4 14. h3 Bh5 15. Qb3 Bxf3 {The position is equal.} 16. Nxf3 Rfb8 17. Qe3 (17. Qc3 {keeps more tension.} Rb6 18. Rad1 a5 19. h4 Rab8 20. b3) 17... Ne6 18. b3 a5 19. Rec1 Rb6 20. h4 c5 21. dxc5 Rb4 22. c6 d4 23. Qh6 Rd8 24. Rd1 (24. Ng5 {seems wilder.} Nxg5 25. Qxg5 Kf8 26. Rc5 a4 27. Ra5) 24... Qf8 25. Qxf8+ Kxf8 26. Rd2 d3 27. Rc1 Rd5 28. g3 Nc5 29. Rcd1 a4 30. bxa4 Rxa4 31. Ng5 h6 32. Nh7+ Kg7 33. Nf6 Rxe5 34. Nd7 Rf5 35. Nxc5 Rxc5 36. Rxd3 Rxa2 37. Rf3 {White wants to play Rd7!} Rxc6 {[#]} 38. Rd7 $1 {[%mdl 512]} Rf6 39. Rxf6 Kxf6 {Accuracy: White = 61%, Black = 73%.} 1/2-1/2

[Event "FIDE Chesscom Grand Swiss 2019"]
[Site "Douglas-Isle of Man"]
[Date "2019.10.18"]
[Round "8.32"]
[White "Rakotomaharo, Fy Antenaina"]
[Black "Adly, Ahmed"]
[Result "0-1"]
[WhiteElo "2428"]
[BlackElo "2636"]
[Annotator "TA RC"]
[PlyCount "90"]
[EventDate "2019.10.10"]
[EventType "swiss"]
[EventCountry "GBR"]
[SourceTitle "playchess.com"]
[Source "ChessBase"]
[SourceQuality "1"]

{[%evp 20,200,13,20,30,0,0,0,0,0,26,16,31,30,18,13,19,20,26,18,21,14,18,8,42,30,51,35,56,51,73,48,37,38,38,24,21,0,0,0,0,0,0,0,0,-7,0,-51,-34,-72,-20,-39,-16,-16,-22,-16,-23,-25,-18,-144,-134,-132,-132,-250,-250,-270,-265,-245,-248,-243,-172,-187,-126,-110,-100,-92,-91,-102,-71,-68,-40,-65,-54,-65,-65,-64,0,-51,-10,-9,-10,-65,-65,-65,-65,-72,-72,-72,-65,-72,-64,-72,-72,-79,-72,-72,-72,-72,-72,-223,-76,-111,-112,-125,-122,-177,-108,-108,-106,-106,-106,-106,-106,-131,-111,-159,-137,-136,-120,-340,-111,-351,-345,-381,-166,-164,-164,-186,-186,-191,-146,-343,-325,-395,-379,-386,-387,-387,-362,-325,-175,-315,-302,-631,-630,-552,-514,-490,-413,-410,-357,-352,-345,-403,-342,-12838,-12839,-12848,-12848,-12851,-27999,-27996,-27996,-27997,-27996,-27997,-27997,-27998,-27995,-27996,-27996,-27997,-27997]} 1. d4 Nf6 2. c4 e5 3. dxe5 Ng4 4. Bf4 Nc6 5. Nf3 Bb4+ 6. Nbd2 Qe7 7. a3 Bxd2+ 8. Qxd2 Ngxe5 9. Nxe5 Nxe5 10. e3 d6 11. Rc1 O-O {A52: Budapest Gambit} 12. c5 (12. Be2 b6 13. O-O Bb7 14. Rfe1 Rfe8 15. Bg3 Nd7 16. Bd1 a5 17. b3 Qg5 18. Bc2 h5 19. f3 h4 20. Bf4 Qh5 21. h3 {½-½ (53) Stocek,J (2580)-Meduna,E (2460) Czechia 2006}) 12... dxc5 13. Qd5 Ng6 {The position is equal.} 14. Bg3 Rd8 15. Qxc5 Qxc5 16. Rxc5 c6 $1 17. h4 $146 ({Predecessor:} 17. Be2 Be6 18. Rc2 a5 19. Rd2 {1-0 (36) Gorelov,S (2455)-Majeric,Z (2310) Bela Crkva 1989}) 17... Nf8 18. h5 h6 19. Rh4 Be6 20. Rb4 Rd7 21. Be2 Rad8 22. e4 Rc8 23. Rc3 c5 24. Ra4 a6 25. Ra5 c4 26. f4 {Hoping for f5.} f6 27. f5 Bf7 28. e5 fxe5 29. Rxe5 b5 30. Bg4 Rd4 31. Bf3 Nd7 32. Re7 Nc5 33. Kf1 (33. Rce3 $11) 33... Nd3 34. b4 Rf8 (34... Rcd8 $1 $17) 35. Kg1 Bd5 {Strongly threatening ...Bxf3.} 36. Rd7 Rxf5 37. Rc2 $1 Rg5 38. Kh2 Kf8 39. Rd6 (39. Rd2 $11) 39... Ne5 $1 $36 {[%cal Re5f3][%mdl 2048] Keeping White busy.} 40. Bxe5 (40. Bxd5 $2 Ng4+ 41. Kh3 Rxh5+ 42. Bh4 Rxh4+ $1 {[%mdl 512]} 43. Kg3 Nf6 $19) 40... Rxe5 41. Rxa6 (41. Bxd5 $17 Rxh5+ 42. Kg3 Rhxd5 43. Rxa6) 41... Bxf3 $19 42. gxf3 $17 {[%mdl 4096] Endgame KRR-KRR} Rg5 {[%cal Rd4h4]} (42... Rxh5+ 43. Kg3 $17) 43. Kh3 Rd3 ({Much less strong is} 43... Rxh5+ 44. Kg3 $17) 44. Rf2 Rd1 ({Don't take} 44... Rxh5+ 45. Kg3) 45. Kh2 Rxh5+ {Played: Rd1-a1} 0-1

[Event "FIDE Chesscom Grand Swiss 2019"]
[Site "Douglas-Isle of Man"]
[Date "2019.10.18"]
[Round "8.33"]
[White "Bu, Xiangzhi"]
[Black "Alekseev, Evgeny"]
[Result "1/2-1/2"]
[WhiteElo "2721"]
[BlackElo "2629"]
[Annotator "TA"]
[PlyCount "83"]
[EventDate "2019.10.10"]
[EventType "swiss"]
[EventCountry "GBR"]
[SourceTitle "playchess.com"]
[Source "ChessBase"]
[SourceQuality "1"]

{[%evp 9,83,14,20,20,18,-5,12,11,9,11,16,-29,-8,-28,-23,-21,-22,-40,-36,-42,-27,-25,-27,-31,-26,-35,-32,-38,-39,-33,-40,-42,-43,-37,-33,-39,-40,-45,-34,-37,-20,-27,-10,-18,-16,-16,0,0,0,0,0,0,0,0,0,0,0,0,0,0,18,17,18,19,26,33,33,33,34,0,0,0,8,0,0,0]} 1. Nf3 c5 2. c4 Nc6 3. d4 cxd4 4. Nxd4 e6 (4... Nf6 5. Nc3 e6 6. e4 Bb4 7. Nxc6 bxc6 8. Bd3 e5 9. O-O O-O 10. h3 h6 11. Na4 d5 12. a3 Bd6 13. cxd5 cxd5 14. exd5 e4 15. Bc2 Qe7 16. Re1 Bf5 17. Nc3 Rab8 {½-½ (39) Artemiev,V (2746)-Le,Q (2708) Khanty-Mansiysk 2019}) 5. Nb5 d6 6. Bf4 {With the idea N1c3. A30: Symmetrical English: Double Fianchetto and Hedgehog} e5 7. Bg3 Be7 8. e3 Be6 $146 ({Predecessor:} 8... Nh6 9. f3 O-O 10. N5c3 Be6 11. Nd5 Bxd5 12. cxd5 {½-½ (36) Schandorff,L (2563)-Mamedyarov,S (2607) Istanbul 2003}) 9. Be2 Nh6 10. O-O Nf5 11. Nd2 g6 12. Ne4 O-O 13. h3 d5 14. cxd5 Bxd5 15. Nbc3 Nxg3 16. Nxg3 Be6 17. Qa4 Qa5 18. Qxa5 Nxa5 19. Rfd1 Rfd8 20. Bf3 Rac8 21. Nge2 f5 22. Bd5 Kf7 23. b3 Bb4 24. e4 Ke7 25. Bxe6 Rxd1+ (25... Kxe6 {with more complications.} 26. Rxd8 Rxd8 27. Rd1 Rxd1+ 28. Nxd1 h5) 26. Rxd1 Kxe6 27. Nd5 Bd6 28. exf5+ gxf5 29. f4 Rc2 30. fxe5 Bxe5 31. Nef4+ Bxf4 32. Nxf4+ $11 {[%mdl 4096] Endgame KRN-KRN} Ke5 33. Nd3+ Ke6 34. Nb4 Rb2 35. Rd4 Nc6 36. Nxc6 bxc6 {KR-KR} 37. Ra4 Ke5 38. Rxa7 Ke4 39. a4 Rxb3 {The position is equal.} 40. Rxh7 Ra3 41. Ra7 c5 42. h4 {Accuracy: White = 64%, Black = 74%.} 1/2-1/2

[Event "FIDE Chesscom Grand Swiss 2019"]
[Site "Douglas-Isle of Man"]
[Date "2019.10.18"]
[Round "8.33"]
[White "Zatonskih, Anna"]
[Black "Bachmann, Axel"]
[Result "0-1"]
[WhiteElo "2422"]
[BlackElo "2629"]
[Annotator "TA"]
[PlyCount "52"]
[EventDate "2019.10.10"]
[EventType "swiss"]
[EventCountry "GBR"]
[SourceTitle "playchess.com"]
[Source "ChessBase"]
[SourceQuality "1"]

{[%evp 11,52,6,4,20,10,0,0,-16,2,-35,29,20,33,20,52,52,45,47,54,43,56,50,83,86,73,64,74,21,29,0,0,-125,-137,-127,-139,-320,-316,-313,-286,-602,-556,-29995,-29996]} 1. d4 Nf6 2. Nf3 e6 3. g3 d5 4. Bg2 b5 5. O-O Nbd7 6. a4 b4 7. c4 {D02: 1 d4 d5 2 Nf3 sidelines, including 2...Nf6 3 g3 and 2...Nf6 3 Bf4} bxc3 8. bxc3 Ba6 9. Ba3 {The position is equal.} Bd6 10. Re1 Ne4 $146 (10... Rc8 $15) ({Predecessor:} 10... O-O 11. Nfd2 Rc8 12. e4 dxe4 13. Nxe4 Nxe4 14. Bxe4 c5 {0-1 (29) Lugovskoy,M (2445)-Ter Sahakyan,S (2611) Bhubaneswar 2019}) 11. Nfd2 $11 f5 12. c4 Ndf6 13. Qc2 O-O 14. cxd5 exd5 15. Qc6 Qc8 16. Nxe4 fxe4 17. Bxd6 cxd6 18. Qxd6 Rb8 19. Na3 (19. Nd2 $16) 19... Rb6 20. Qe5 Qd7 21. Rec1 (21. Qg5 $11) 21... Ng4 $17 {[%mdl 1024] Black has strong compensation.} (21... Bxe2 $6 22. Rc7 $11) 22. Qc7 Qf5 $1 $36 {[%cal Rf5f2][%mdl 2048] White is under strong pressure.} 23. f4 $2 {[#]} (23. f3 $17 {is the only way for White.} Nxh2 24. Qe5 (24. Kxh2 Rh6+ 25. Kg1 Bxe2 $17) 24... Qxe5 25. dxe5 exf3 26. Kxh2 fxg2 27. Nb5) 23... Qh5 $1 $19 {[%cal Rh5h2]} ({Less strong is} 23... Bxe2 24. Rab1 $17) ({Weaker is} 23... exf3 24. exf3 Ne3 25. Qe5 $11) 24. h3 Ne3 25. g4 $2 {[#]} (25. Ra2 Nxg2 26. Kxg2 Bxe2 27. Kh2) 25... Qh4 $1 {[%cal Rh4g3] ( -> ...Qg3!)} 26. Nb5 {[#] intending f5.} Qg3 $1 {[%mdl 576] Double Attack. Accuracy: White = 28%, Black = 54%.} 0-1

[Event "FIDE Chesscom Grand Swiss 2019"]
[Site "Douglas-Isle of Man"]
[Date "2019.10.18"]
[Round "8.34"]
[White "Iturrizaga Bonelli, Eduardo"]
[Black "Henderson de La Fuente, Lance"]
[Result "1/2-1/2"]
[WhiteElo "2629"]
[BlackElo "2494"]
[Annotator "TA"]
[PlyCount "75"]
[EventDate "2019.10.10"]
[EventType "swiss"]
[EventCountry "GBR"]
[SourceTitle "playchess.com"]
[Source "ChessBase"]
[SourceQuality "1"]

{[%evp 11,75,28,20,0,0,0,0,18,14,14,0,-42,-37,-29,-38,-54,-31,-46,81,81,89,34,27,27,29,28,27,29,47,48,33,34,41,8,8,10,21,12,11,0,0,0,0,0,0,0,4,0,22,18,22,27,27,25,78,0,0,0,4,0,0,0,0,0,0,0]} 1. c4 c5 2. Nf3 Nc6 3. d4 cxd4 4. Nxd4 Nf6 5. Nc3 e6 6. g3 Qb6 7. Nf3 {A33: Symmetrical English: 2 Nf3 Nf6 3 d4 cxd4 4 Nxd4 e6 5 Nc3 Nc6} (7. Ndb5 a6 8. Nd6+ Bxd6 9. Qxd6 Qb4 10. Qxb4 Nxb4 11. Rb1 d5 12. a3 Nc2+ 13. Kd1 Nd4 14. e3 Nc6 {½-½ (60) Dubov,D (2700)-Nepomniachtchi,I (2775) Paris 2019}) 7... Bb4 8. Bg2 {[#]} Ne4 $1 {[%csl Ge4][%cal Rb6f2][%mdl 512]} 9. O-O Nxc3 10. bxc3 Bxc3 11. Ba3 $146 ({Predecessor:} 11. Be3 Qa5 12. Rb1 O-O 13. Qc2 Bf6 14. Rb5 Qa6 {1-0 (27) Mueller,M (2123)-Maeurer,F (2005) Wolfstein 2017}) 11... Bxa1 12. Qxa1 f6 13. Bd6 Qa6 14. Ng5 Ne5 (14... Qxc4 $15 {keeps the upper hand.} 15. e3 Qd3) 15. Bxe5 $16 fxe5 {[#]} 16. Qxe5 (16. Be4 $1 $16 d6 17. c5) 16... O-O $14 {[#]} 17. Qe4 $1 {[%csl Gg5][%cal Re4h7][%mdl 512]} Rf5 18. h4 Qa5 {[#]} 19. Nxh7 $1 {[%mdl 512]} Kxh7 20. g4 $1 {[%mdl 64] Pin} d5 21. cxd5 Qxd5 22. Qb1 {[%mdl 64] Pin} Qe5 23. Rd1 Rb8 24. e3 (24. Rd8 {is interesting.} Qc7 25. Rd4 Qe5 26. e3 b6 27. Qc2) 24... b6 25. gxf5 exf5 26. Rd5 Qf6 27. Qd1 $36 {[%mdl 2048] aiming for Rd8. White has some pressure.} Be6 28. Rd6 Qe5 29. a3 Rc8 30. Bc6 Bf7 31. Qd4 Qxd4 32. exd4 $11 {[%mdl 4096] Endgame KRB-KRB} Be8 {[#]} (32... Kg8 $11 {remains equal.}) 33. Bd5 (33. d5 $1 $16) 33... Rc3 {The position is equal.} 34. Be6 Rxa3 35. Bxf5+ Kg8 36. Rd8 {Threatens to win with Bg6.} Kf7 37. d5 Ke7 38. Rb8 {Accuracy: White = 57%, Black = 60%.} 1/2-1/2

[Event "FIDE Chesscom Grand Swiss 2019"]
[Site "Douglas-Isle of Man"]
[Date "2019.10.18"]
[Round "8.34"]
[White "Deac, Bogdan-Daniel"]
[Black "Shankland, Sam"]
[Result "1-0"]
[WhiteElo "2613"]
[BlackElo "2705"]
[Annotator "TA"]
[PlyCount "151"]
[EventDate "2019.10.10"]
[EventType "swiss"]
[EventCountry "GBR"]
[SourceTitle "playchess.com"]
[Source "ChessBase"]
[SourceQuality "1"]

{[%evp 14,151,43,31,74,79,86,69,72,79,85,82,59,8,16,8,8,8,8,8,8,-50,-52,-46,-57,-53,-54,-68,-62,-124,-124,-108,-91,-102,-105,-103,-58,-62,0,-52,0,0,0,0,0,-12,-12,-12,-8,-15,-15,-15,-15,-22,-22,-24,0,-12,-12,-12,0,0,0,0,8,8,242,242,242,242,242,242,242,242,242,242,242,242,242,242,242,242,242,242,242,242,242,242,242,242,242,242,242,242,242,242,242,242,242,242,242,242,242,242,242,242,369,242,29977,29979,29982,29983,29984,29981,29981,29980,29980,29980,29980,29978,29981,29978,29977,29979,29983,29984,29984,29985,29986,29987,29987,29988,29988,29989,29990,29991,29991,29992,29994,29995]} 1. c4 e6 2. Nf3 d5 3. d4 Nf6 4. g3 dxc4 5. Bg2 a6 6. O-O Nc6 7. e3 Rb8 8. Nfd2 e5 {E04: Open Catalan: 5 Nf3} 9. Bxc6+ $1 bxc6 10. dxe5 Ng4 {White is slightly better.} 11. Nxc4 Be6 {Threatens to win with ...Qxd1.} 12. Nbd2 (12. Qe2 h5 13. Rd1 Qc8 14. Qf3 Rb6 15. Nxb6 cxb6 16. h4 Nxe5 {½-½ (41) Grischuk,A (2759)-Ding,L (2811) Khanty-Mansiysk 2019}) 12... Bb4 13. Qe2 {[#]} ({Better is} 13. Qc2 $14) 13... Bxd2 $146 ({Predecessor:} 13... h5 14. h3 Bxd2 15. Bxd2 h4 16. hxg4 hxg3 {0-1 (45) Muzychuk,M (2491)-Kosteniuk,A (2510) Warsaw 2013}) 14. Bxd2 {aiming for Bc3.} h5 $1 {[%cal Rh5h4]} 15. f3 h4 16. fxg4 hxg3 {White must now prevent ...Bd5.} 17. hxg3 (17. b3 $11 Qh4 18. e4 Bxg4 19. Qg2 Qxh2+ 20. Qxh2 Rxh2 21. Ne3) 17... Qd5 $15 18. Rf3 Qxc4 19. Qxc4 Bxc4 20. Bc3 Bd5 21. Raf1 (21. e4 $1 $15 Bxe4 22. Rff1) 21... Bxf3 $17 ({Much worse is} 21... Bxa2 $6 22. Rf4 $11) 22. Rxf3 {[%mdl 4096] Endgame KRR-KRB} Rd8 23. Rf4 Rd1+ 24. Kg2 Rdh1 25. e6 R8h2+ 26. Kf3 Rf1+ (26... f6 $15) 27. Ke4 $11 {And now exf7+ would win.} Rxf4+ 28. gxf4 {KR-KB} Kf8 29. e7+ Kxe7 30. Bxg7 Ke6 31. Be5 {Strongly threatening f5+.} Rg2 32. g5 Rf2 33. a4 c5 34. Kd3 Kf5 35. e4+ Kg4 36. Kc4 $1 Re2 37. Kxc5 Rxe4 38. a5 {[#]} c6 $1 {[%mdl 512]} 39. Bd6 (39. Kxc6 Rb4) 39... Rxf4 $2 (39... Kf5 $1 $11) 40. Bxf4 $18 Kxf4 41. Kb6 Kxg5 42. Kxa6 {KPP-KPP} f5 43. Kb6 {White threatens a6 and mate.} f4 44. a6 f3 {intending ...f2.} 45. a7 f2 46. a8=Q {Qf8 would kill now.} f1=Q 47. Qxc6 {Hoping for Qb5+. KQ-KQ} Qf4 48. Qc5+ Kg4 49. b4 Qb8+ 50. Kc6 Qc8+ 51. Kb5 Qb7+ 52. Kc4 Kh3 53. b5 Qf7+ 54. Qd5 Qc7+ 55. Kd3 Kh2 56. Qh5+ Kg3 57. Qg6+ Kh2 58. b6 Qd7+ 59. Kc3 {Threatening mate with Qc2+.} Qh3+ (59... Qc8+ $142 60. Kd4 Qf8) 60. Kb2 Qh8+ $2 {[#]} (60... Qf3 $18 61. Kc2 Qa8) 61. Kb1 $1 {White mates.} Qf8 62. Qc2+ Kg1 63. Qd1+ ({And not} 63. b7 Qb4+ 64. Kc1 (64. Qb2 Qe4+ 65. Kc1 Qf4+ 66. Qd2 Qc7+ {[%mdl 64] Double Attack} 67. Qc2 Qxb7 $11) 64... Qxb7 $11) 63... Kh2 64. Qe2+ Kg1 65. Qe1+ Kh2 66. Qh4+ Kg1 67. Qg4+ Kh2 68. b7 Qd6 69. Qe2+ Kg3 70. Qb2 Qb8 71. Qc3+ Kh4 72. Qc8 Qe5 73. b8=Q Qe1+ 74. Qc1 Qe4+ 75. Qc2 Qe1+ 76. Kb2 {Accuracy: White = 70%, Black = 53%.} 1-0